000 00750nam a22002177a 4500
003 OSt
005 20251105022628.0
008 251105b |||||||| |||| 00| 0 eng d
020 _a978-1-4129-7173-7
040 _aDWCL-Admin lib
_cOC
082 _aCirc. 371.95 S725h 2009
100 _aSousa, David A.
245 _a How the gifted brain learns /
_cDavid A. Sousa
260 _aThosand Oaks, Calif. :
_bCorwin,
_cc2009.
300 _a xiii, 275 p. : ill.;
_c28 cm.
504 _aIncludes bibliographical references and index.
650 _a1. Brain-localization of functions.
650 _a2. Gifted children -United States-Identification.
650 _a3. Gifted children-Education-United States.
942 _2ddc
_cBK-CIRC
_e 2nd ed.
_kCirc.
_n0
999 _c5465
_d5465